[Event "AUTO-INT-819"]
[Site "http://www.queenalice.com/game.php?id=365900"]
[Date "2008.3.5"]
[Round "1"]
[White "YouLoseSorry"]
[Black "RB6"]
[Result "0-1"]
[WhiteElo "1443"]
[BlackElo "1617"]

1. e4 d6 2. Bc4 Nc6 3. Qf3 Nd4 4. Qd3 Ne6 5. Bxe6 Bxe6 6. Qb5+ c6 7. Qxb7 f5 8.
Qxc6+ Bd7 9. Qc4 Nf6 10. d3 fxe4 11. dxe4 Qa5+ 12. c3 Bb5 13. Qe6 Bd7 14. b4 Qa4
15. Qc4 Qc2 16. Ne2 Nxe4 17. Qd5 Rc8 18. f3 Bc6 19. Qe6 Rc7 20. fxe4 Bxe4 21.
Na3 Qd3 22. Nb5 Rd7 23. Bf4 Bd5 24. Nxd6+ Rxd6 25. Bxd6 Bxe6 26. Nf4 Qxc3+ 0-1

[Event "Challenge"]
[Site "http://www.queenalice.com/game.php?id=382279"]
[Date "2008.4.4"]
[Round "-"]
[White "RB6"]
[Black "Ponce"]
[Result "0-1"]
[WhiteElo "1627"]
[BlackElo "1632"]

1. d4 d6 2. e3 Nf6 3. f4 Ne4 4. Bd3 Bf5 5. Nf3 Qd7 6. O-O d5 7. c3 e6 8. Ne5 Qd8
9. Qh5 Qf6 10. Bb5+ c6 11. Na3 g6 12. Qf3 cxb5 13. Nxb5 Na6 14. g4 Bd6 15. gxf5
Qxf5 16. Nxd6+ Nxd6 17. b3 Qc2 18. c4 Qc3 19. Rb1 Nb4 20. Rb2 Nd3 21. Nxd3 Qxd3
22. cxd5 O-O 23. dxe6 fxe6 24. Bd2 Ne4 25. Bb4 Ng5 26. Qxb7 Qxe3+ 27. Rbf2 Nh3+
28. Kg2 Rab8 29. Qd7 Nxf2 0-1

[Event "AUTO-ADV-874"]
[Site "http://www.queenalice.com/game.php?id=387988"]
[Date "2008.4.15"]
[Round "1"]
[White "hartto"]
[Black "RB6"]
[Result "1-0"]
[WhiteElo "1837"]
[BlackElo "1576"]

1. e4 d5 2. exd5 Qxd5 3. Nc3 Qe5+ 4. Qe2 Qf5 5. d3 e6 6. Nf3 Bc5 7. d4 Be7 8.
Be3 Nf6 9. O-O-O O-O 10. Qc4 c6 11. h4 Na6 12. Nh2 Nb4 13. Bd3 Qh5 14. f3 Qxh4
15. Ng4 Qg3 16. Nxf6+ gxf6 17. Bxh7+ Kg7 18. Bh6+ Kxh7 19. Bf4+ Kg8 20. Bxg3 e5
21. a3 Na6 22. dxe5 Be6 23. Qh4 Kg7 24. Qh7# 1-0

[Event "AUTO-ADV-874"]
[Site "http://www.queenalice.com/game.php?id=387989"]
[Date "2008.4.15"]
[Round "1"]
[White "RB6"]
[Black "hartto"]
[Result "0-1"]
[WhiteElo "1582"]
[BlackElo "1821"]

1. e3 c5 2. d4 cxd4 3. Qxd4 Nc6 4. Qf4 e5 5. Qf3 Nf6 6. Bc4 d5 7. Bb5 Bb4+ 8. c3
Bg4 9. Qg3 Bd6 10. f4 O-O 11. Qh4 exf4 12. exf4 Re8+ 13. Ne2 Qb6 14. Bd3 Bxe2
15. Bxe2 Re4 16. Bd2 Rae8 17. Na3 Rxe2+ 18. Kd1 Qxb2 19. Bc1 Qxa1 20. Qg3 Bxa3
0-1

[Event "AUTO-ADV-874"]
[Site "http://www.queenalice.com/game.php?id=388002"]
[Date "2008.4.15"]
[Round "1"]
[White "Jackzapo"]
[Black "RB6"]
[Result "1-0"]
[WhiteElo "1786"]
[BlackElo "1611"]

1. d4 d5 2. c4 e6 3. Nc3 c6 4. Nf3 Nd7 5. e3 Qa5 6. a3 f5 7. Bd2 Ngf6 8. Nxd5
Qd8 9. Nc3 Qc7 10. Be2 Be7 11. Rc1 O-O 12. O-O Ng4 13. h3 Nxf2 14. Rxf2 Qb6 15.
c5 Qxb2 16. Bd3 Qxa3 17. Ra1 Qb2 18. Be1 1-0

[Event "AUTO-ADV-874"]
[Site "http://www.queenalice.com/game.php?id=388003"]
[Date "2008.4.15"]
[Round "1"]
[White "RB6"]
[Black "Jackzapo"]
[Result "0-1"]
[WhiteElo "1602"]
[BlackElo "1795"]

1. d4 Nf6 2. Nd2 d5 3. e3 Bf5 4. c3 Nc6 5. f4 e6 6. Ngf3 Be7 7. Be2 Ne4 8. Qb3
Rb8 9. O-O O-O 10. Ne5 Nxe5 11. fxe5 c6 12. g4 Bg6 13. Nxe4 Bxe4 14. Qa4 a6 15.
Bf3 Bxf3 16. Rxf3 f6 0-1

[Event "AUTO-ADV-874"]
[Site "http://www.queenalice.com/game.php?id=388010"]
[Date "2008.4.15"]
[Round "1"]
[White "kako"]
[Black "RB6"]
[Result "1-0"]
[WhiteElo "1861"]
[BlackElo "1570"]

1. d4 d5 2. Nf3 f5 3. e3 e6 4. Bd3 Nf6 5. Nc3 Bd6 6. O-O O-O 7. Ne5 Nbd7 8. a3
Nxe5 9. dxe5 Bxe5 10. Ne2 c6 11. c3 Qc7 12. g3 Ng4 13. Nf4 Bxf4 14. exf4 Rf6 15.
Be2 Rh6 16. Bxg4 fxg4 17. f5 exf5 18. Bxh6 gxh6 19. Re1 b6 20. Re8+ Kf7 21. Rh8
Kg6 22. Qd4 Bb7 23. Rxa8 Bxa8 24. Re1 c5 25. Re6+ Kh5 26. Qf6 d4 27. Qxh6# 1-0

[Event "AUTO-ADV-874"]
[Site "http://www.queenalice.com/game.php?id=388011"]
[Date "2008.4.15"]
[Round "1"]
[White "RB6"]
[Black "kako"]
[Result "1-0"]
[WhiteElo "1595"]
[BlackElo "1872"]

1. c3 d5 2. d4 e6 3. Qa4+ Bd7 4. Qb3 b6 5. e3 Nf6 6. Bd3 g6 7. f4 Bd6 8. Nf3 O-O
9. O-O Nc6 10. Ng5 a6 11. Rf3 h6 12. Nxf7 Kxf7 13. Qc2 Ne7 14. Rh3 h5 15. Rg3
Ne4 16. Bxe4 dxe4 17. Qxe4 Bc6 18. Qd3 Rg8 19. Nd2 Nf5 20. Ne4 Nxg3 21. Nxg3 Qh4
22. f5 Bxg3 23. hxg3 Qxg3 24. fxe6+ Ke7 25. d5 Qe1+ 26. Kh2 Bb7 27. e4 Raf8 28.
Bg5+ Kd6 29. Rxe1 c6 30. Qg3+ Kc5 31. Be7+ Kc4 32. b3+ Kb5 33. a4+ 1-0

[Event "AUTO-OPEN-1043"]
[Site "http://www.queenalice.com/game.php?id=410493"]
[Date "2008.5.30"]
[Round "2"]
[White "Santista38"]
[Black "RB6"]
[Result "0-1"]
[WhiteElo "1864"]
[BlackElo "1618"]

1. d4 d5 2. Nc3 e6 3. a3 f5 4. Bf4 Bd6 5. Qd2 Qh4 6. Bxd6 cxd6 7. Nf3 Qd8 8. Qg5
Qb6 9. Qxg7 Qxb2 10. Rd1 Qxc3+ 11. Nd2 Nd7 12. Qxh8 Nf6 13. Qg7 Qxc2 14. Qg3 Bd7
15. Qxd6 Ba4 16. Qxe6+ Ne7 17. Rb1 Ne4 18. Nxe4 Qxb1+ 19. Kd2 Qa2+ 20. Kd3 Qxa3+
21. Nc3 Bb5+ 22. Kc2 Rc8 23. Qe3 Rxc3+ 24. Qxc3 Ba4+ 25. Kd2 Qa2+ 26. Ke3 Qb1
27. Kf3 Qe4+ 0-1

[Event "AUTO-OPEN-1043"]
[Site "http://www.queenalice.com/game.php?id=410499"]
[Date "2008.5.30"]
[Round "2"]
[White "RB6"]
[Black "the_knife"]
[Result "0-1"]
[WhiteElo "1620"]
[BlackElo "2162"]

1. d4 Nf6 2. e3 c5 3. dxc5 e6 4. Qd4 Nc6 5. Qc4 Qa5+ 6. Bd2 Qxc5 7. c3 d5 8. Qf4
Bd6 9. Qg5 O-O 10. Bd3 Bd7 11. f4 Rfe8 12. Nf3 e5 13. fxe5 Nxe5 14. Nxe5 Rxe5
15. Qg3 d4 16. cxd4 Qxd4 17. O-O Qxd3 18. Rxf6 Rf5 19. Qe1 Rxf6 20. Bc3 Rf1+ 21.
Qxf1 Bxh2+ 22. Kf2 Qf5+ 23. Ke1 Bg3+ 24. Ke2 Bb5+ 25. Kd1 Qxf1+ 26. Kc2 Rd8 27.
b3 Bd3+ 28. Kb2 Bxb1 29. Rxb1 Rd1 30. Rxd1 Qxd1 31. e4 Bf4 32. b4 b5 33. Ka3 Qd3
34. Kb3 Qd1+ 35. Ka3 Bc1+ 36. Bb2 Qa4# 0-1

[Event "AUTO-OPEN-1043"]
[Site "http://www.queenalice.com/game.php?id=410500"]
[Date "2008.5.30"]
[Round "2"]
[White "the_knife"]
[Black "RB6"]
[Result "1-0"]
[WhiteElo "2158"]
[BlackElo "1622"]

1. e4 c6 2. d4 Qa5+ 3. c3 d5 4. e5 Bf5 5. Nf3 Bxb1 6. b4 Qb6 7. Rxb1 Na6 8. e6
fxe6 9. Ne5 Nf6 10. Qf3 g6 11. Bd3 Bg7 12. a4 O-O 13. Qh3 Nh5 14. Qxe6+ Kh8 15.
Nf7+ Kg8 16. Nh6+ Kh8 17. Qg8+ Rxg8 18. Nf7# 1-0

[Event "Challenge"]
[Site "http://www.queenalice.com/game.php?id=417876"]
[Date "2008.6.15"]
[Round "-"]
[White "rocha"]
[Black "RB6"]
[Result "1-0"]
[WhiteElo "1593"]
[BlackElo "1648"]

1. d4 d5 2. e3 c6 3. h3 e6 4. Nf3 f5 5. h4 Nf6 6. Qe2 Bb4+ 7. c3 Bxc3+ 8. bxc3
Qa5 9. Bd2 Na6 10. c4 Qa4 11. Ne5 O-O 12. cxd5 cxd5 13. Nc3 Qc2 14. Nd3 h6 15.
Rc1 Nb4 16. Rxc2 Nxc2+ 17. Kd1 Na3 18. Bc1 Nc4 19. Ne5 Ne4 20. Nxe4 fxe4 21.
Nxc4 dxc4 22. f4 exf3 23. gxf3 c3 24. Qc4 Bd7 25. Qxc3 Ba4+ 26. Ke1 1-0

[Event "AUTO-INT-941"]
[Site "http://www.queenalice.com/game.php?id=422073"]
[Date "2008.6.23"]
[Round "1"]
[White "AGVrpchessplayer"]
[Black "RB6"]
[Result "1-0"]
[WhiteElo "1697"]
[BlackElo "1648"]

1. d4 f5 2. c4 e6 3. g3 Bb4+ 4. Nc3 Bxc3+ 5. bxc3 c6 6. c5 Qa5 7. Qd3 Nf6 8. Bg2
O-O 9. Nh3 Nd5 10. Bxd5 cxd5 11. Bf4 Nc6 12. Bd6 Nb4 13. cxb4 Qxb4+ 14. Qd2 Qa3
15. Bxf8 Kxf8 16. O-O b6 17. Qc1 Qb4 18. Qf4 bxc5 19. Qd6+ Ke8 20. dxc5 Bb7 21.
Rfb1 Qc3 22. Rxb7 Qxa1+ 23. Kg2 Qxa2 24. Qxd7+ Kf8 25. Qf7# 1-0

[Event "AUTO-INT-941"]
[Site "http://www.queenalice.com/game.php?id=422074"]
[Date "2008.6.23"]
[Round "1"]
[White "RB6"]
[Black "AGVrpchessplayer"]
[Result "0-1"]
[WhiteElo "1630"]
[BlackElo "1717"]

1. d4 Nf6 2. c3 b6 3. Bg5 e6 4. Bxf6 Qxf6 5. f3 d5 6. Qa4+ Bd7 7. Qc2 c5 8. e3
Bd6 9. Bd3 Qh4+ 10. g3 Bxg3+ 11. hxg3 Qxh1 12. f4 Qxg1+ 13. Bf1 Qxe3+ 14. Qe2
Qxg3+ 15. Qf2 Qxf2+ 16. Kxf2 cxd4 17. cxd4 Nc6 18. Ke3 h5 19. Nc3 h4 20. Nb5 Ke7
21. Bh3 e5 22. Bg2 e4 23. Nc7 Nb4 24. Rd1 Rac8 25. a3 Nc2+ 0-1

[Event "AUTO-INT-941"]
[Site "http://www.queenalice.com/game.php?id=422089"]
[Date "2008.6.23"]
[Round "1"]
[White "RB6"]
[Black "lcristante"]
[Result "0-1"]
[WhiteElo "1617"]
[BlackElo "1720"]

1. d4 Nf6 2. c3 d5 3. f4 Bf5 4. Qa4+ Qd7 5. Qb4 c5 6. Qxc5 e6 7. Qxf8+ Kxf8 8.
Nf3 Bxb1 9. Ne5 Qa4 10. b3 Qa5 11. b4 Qa4 12. Rxb1 Qc2 0-1

[Event "AUTO-INT-941"]
[Site "http://www.queenalice.com/game.php?id=422090"]
[Date "2008.6.23"]
[Round "1"]
[White "lcristante"]
[Black "RB6"]
[Result "1-0"]
[WhiteElo "1707"]
[BlackElo "1630"]

1. e4 d5 2. exd5 Qxd5 3. Nc3 Qd4 4. Nf3 Qd6 5. d4 Bg4 6. h3 Bxf3 7. Qxf3 c6 8.
Bf4 Qxd4 9. Nb5 Qxb2 10. Nc7+ Kd8 11. Rd1+ Nd7 12. Nxa8 Nf6 13. Bc7+ Ke8 14. Be2
1-0

[Event "AUTO-INT-941"]
[Site "http://www.queenalice.com/game.php?id=422091"]
[Date "2008.6.23"]
[Round "1"]
[White "RB6"]
[Black "dropdead"]
[Result "1-0"]
[WhiteElo "1646"]
[BlackElo "1270"]

1. d4 d5 2. f4 e6 3. Nf3 Nh6 4. e3 c6 5. Ne5 f5 6. Qh5+ g6 7. Nxg6 Kd7 8. Nxh8
Bg7 9. Nf7 Nxf7 10. Qxf7+ Kd6 11. Qxg7 Nd7 12. Qxh7 Nf6 13. Qg7 Bd7 14. b3 Ne4
15. Qe5+ 1-0

[Event "AUTO-INT-941"]
[Site "http://www.queenalice.com/game.php?id=422092"]
[Date "2008.6.23"]
[Round "1"]
[White "dropdead"]
[Black "RB6"]
[Result "0-1"]
[WhiteElo "1272"]
[BlackElo "1644"]

1. e4 d5 2. exd5 Qxd5 3. Na3 c6 4. Nf3 Bg4 5. d4 e6 6. c4 Qa5+ 7. Bd2 Bb4 8. Be2
f5 9. O-O Nf6 10. Nc2 Bxd2 11. Nxd2 Bxe2 12. Qxe2 Kf7 13. b4 Qc7 14. Nf3 Ng4 0-1